| 000 | 00878nam a2200205 a 4500 | ||
|---|---|---|---|
| 001 | 000040380 | ||
| 005 | 20201002034109.0 | ||
| 008 | 130823s1975 sp 001 0 spa d | ||
| 020 | _a9703214886 | ||
| 040 |
_aDO-SdBNP _bspa _cBNPHU |
||
| 100 | 1 |
_aCarvajal y Lancaster, José de _d1698-1754 _966677 |
|
| 245 | 1 | 0 |
_aLa Diplomacia de Fernando VI : correspondencia entre D. José de Carvajal y el duque de Huéscar, 1746-1749 / _cJosé de Carvajal y el duque de Huéscar ; estudio preliminar, ed. y notas por Didier Ozanam. |
| 260 |
_aMadrid : _bEscuela de historia moderna, _c1975. |
||
| 300 |
_aXXVIII-496 p. ; _c25 cm. |
||
| 490 | 1 |
_aHistoria de España en el mundo _adocumentos _c1 |
|
| 500 | _aIncluye índice | ||
| 504 | _aIncluye referencias bibliográfica | ||
| 700 | 1 |
_aOzaman, Didier _eed. _966678 |
|
| 830 | 1 | 0 |
_aHistoria de España en el mundo moderno _pdocumentos _v1 _966679 |
| 999 |
_c39870 _d39870 |
||